Kompletní příručka pro designéry

Gespeichert in:
Bibliographische Detailangaben
1. Verfasser: Simmons, Jason (Verfasst von)
Format: Buch
Sprache:Tschechisch
Veröffentlicht: Praha : Slovart, 2009
Schlagworte:
Tags: Tag hinzufügen
Keine Tags, Fügen Sie das erste Tag hinzu!

MARC

LEADER 00000nam a22000003a 4500
001 stu250771
005 20150617230201.6
008 120717s2009------------------------cze-d
020 |a 978-80-7391-151-5 
040 |a STU  |b slo 
041 0 |a cze 
100 1 |a Simmons, Jason  |4 aut 
245 1 |a Kompletní příručka pro designéry 
260 |a Praha :  |b Slovart,  |c 2009 
300 |a 256 s 
650 7 |a grafický design  |2 stusub 
650 7 |a digitálny dizajn  |2 stusub 
996 |b 284AU05280  |c A*8004 U  |l AAKNAR  |s A  |a 24  |w stu250771_0001